Catálogo público

Repositorio Nacional CONAHCYT (Record no. 220236)

MARC details
000 -CABECERA
campo de control de longitud fija 00312nam a22001217a 4500
003 - IDENTIFICADOR DEL NÚMERO DE CONTROL
campo de control OSt
005 - FECHA Y HORA DE LA ÚLTIMA TRANSACCIÓN
campo de control 20241024024706.0
008 - DATOS DE LONGITUD FIJA--INFORMACIÓN GENERAL
campo de control de longitud fija 241024b |||||||| |||| 00| 0 eng d
040 ## - FUENTE DE LA CATALOGACIÓN
Centro catalogador/agencia de origen Chap
245 ## - MENCIÓN DE TÍTULO
Título Repositorio Nacional CONAHCYT
856 ## - LOCALIZACIÓN Y ACCESO ELECTRÓNICOS
Identificador Uniforme del Recurso <a href="https://repositorionacionalcti.mx/">https://repositorionacionalcti.mx/</a>
Nota pública ACCESO AL RECURSO
942 ## - ELEMENTOS DE PUNTO DE ACCESO ADICIONAL (KOHA)
Fuente del sistema de clasificación o colocación Dewey Decimal Classification
Holdings
Estado de retiro Estado de pérdida Fuente del sistema de clasificación o colocación Estado dañado No para préstamo Código de colección Localización permanente Ubicación/localización actual Ubicación en estantería Fecha de adquisición Total de préstamos Fecha visto por última vez Precio válido a partir de Tipo de ítem Koha
    Clasificación Universidad Autónoma de Chapingo     Acceso Abierto Biblioteca Digital Biblioteca Digital En línea 24/10/2024   24/10/2024 24/10/2024 Repositorio